000 00384nam a2200157Ia 4500
008 231221s9999 xx 000 0 und d
041 _aEnglish
082 _a375 SHA;1 R
100 _aSharma, Prem Lata
245 0 _aWorld educational reforms
250 _a1st ed.
260 _c2004
_bSarup
_aNew Delhi
300 _a370
650 _aWorld,educational,reforms
942 _cED
999 _c206310
_d206310